[Event "VEN-ch U17 Girls"]
[Site "Caracas"]
[Date "2019.08.11"]
[Round "9"]
[White "Guerrero Corniel, Gabriela Aleja"]
[Black "Guillen Carrillo, Macjos Neritza"]
[Result "0-1"]
[WhiteElo "1392"]
[BlackElo "1551"]
[PlyCount "78"]
[EventDate "2019.08.07"]
[EventType "swiss"]
[EventRounds "9"]
[EventCountry "VEN"]
[SourceTitle "EXT 2020"]
[Source "ChessBase"]
[SourceDate "2019.10.17"]
[SourceVersion "1"]
[SourceVersionDate "2019.10.17"]
[SourceQuality "1"]

1. d4 d5 2. c4 c6 3. Nf3 Nf6 4. e3 e6 5. Nc3 Bb4 6. Qc2 Nbd7 7. Bd3 Bxc3+ 8. bxc3 0-0 9. 0-0 Re8 10. cxd5 exd5 11. Nd2 Nf8 12. e4 dxe4 13. Nxe4 Nxe4 14. Bxe4 Qh4 15. Bd3 Bg4 16. f3 Bh5 17. g3 Qf6 18. Be4 Bg6 19. Rb1 b6 20. Bd2 Bxe4 21. fxe4 Qg6 22. Rbe1 Re7 23. Rf2 Rae8 24. Rfe2 Nd7 25. Bf4 Nf6 26. e5 Qxc2 27. Rxc2 Nd5 28. a3 c5 29. Rd1 cxd4 30. cxd4 f6 31. Kg2 fxe5 32. dxe5 Rxe5 33. Rd3 Nxf4+ 34. gxf4 Re2+ 35. Rxe2 Rxe2+ 36. Kg3 Rc2 37. h4 h6 38. Rd7 Rc3+ 39. Kg4 Rxa3 0-1

[Event "VEN-ch U17 Girls"]
[Site "Caracas"]
[Date "2019.08.10"]
[Round "7"]
[White "Guerrero Corniel, Gabriela Aleja"]
[Black "Guillen Carrillo, Neritza Esther"]
[Result "1-0"]
[WhiteElo "1392"]
[BlackElo "1437"]
[PlyCount "63"]
[EventDate "2019.08.07"]
[EventType "swiss"]
[EventRounds "9"]
[EventCountry "VEN"]
[SourceTitle "EXT 2020"]
[Source "ChessBase"]
[SourceDate "2019.10.17"]
[SourceVersion "1"]
[SourceVersionDate "2019.10.17"]
[SourceQuality "1"]

1. d4 d5 2. c4 e6 3. Nf3 Nf6 4. e3 Nc6 5. Nc3 Bb4 6. Qc2 0-0 7. Bd3 dxc4 8. Bxc4 h6 9. 0-0 Bxc3 10. bxc3 Re8 11. e4 Qe7 12. Bb2 e5 13. d5 Na5 14. Be2 Bg4 15. c4 Bxf3 16. Bxf3 Qc5 17. Rac1 Nd7 18. Qc3 Nb6 19. Ba3 Qxc4 20. Qxa5 Qxa2 21. Ra1 Qb3 22. Rfb1 Qd3 23. Rd1 Qb3 24. Qb4 Qxb4 25. Bxb4 g6 26. Rdc1 f5 27. Rxc7 fxe4 28. Bxe4 Rec8 29. d6 Rxc7 30. dxc7 Rc8 31. Rc1 Na8 32. Bd6 1-0

[Event "VEN-ch U17 Girls"]
[Site "Caracas"]
[Date "2019.08.07"]
[Round "1"]
[White "Guerrero Corniel, Gabriela Aleja"]
[Black "Vargas Ortiz, Grecia Valentina"]
[Result "1/2-1/2"]
[WhiteElo "1392"]
[BlackElo "1741"]
[PlyCount "71"]
[EventDate "2019.08.07"]
[EventType "swiss"]
[EventRounds "9"]
[EventCountry "VEN"]
[SourceTitle "EXT 2020"]
[Source "ChessBase"]
[SourceDate "2019.10.17"]
[SourceVersion "1"]
[SourceVersionDate "2019.10.17"]
[SourceQuality "1"]

1. d4 d5 2. c4 dxc4 3. e3 Nf6 4. Nc3 e6 5. Bxc4 c5 6. Nf3 a6 7. Bd3 Nc6 8. a3 b5 9. dxc5 Bxc5 10. b4 Be7 11. 0-0 Bb7 12. Bb2 0-0 13. Qe2 Rc8 14. Rfd1 Qc7 15. e4 e5 16. Nd5 Qb8 17. Nxe7+ Nxe7 18. Bxe5 Qa8 19. Bxf6 gxf6 20. Nd2 Ng6 21. Qe3 Rcd8 22. f3 Rfe8 23. Nb3 Re7 24. Nc5 Bc6 25. Re1 Ne5 26. Rad1 Rde8 27. Qh6 Ng6 28. h4 Qb8 29. Kf2 Qe5 30. g3 Qd4+ 31. Qe3 Qxe3+ 32. Rxe3 f5 33. Rde1 f4 34. gxf4 Nxf4 35. Kg3 Nxd3 36. Rxd3 1/2-1/2